[Event "Terre degli Elimi op 4th"]
[Site "Erice"]
[Date "2013.07.28"]
[Round "7"]
[White "Ganci, Fabrizio"]
[Black "Guccione, Cristoforo"]
[Result "1-0"]
[WhiteElo "2073"]
[BlackElo "1781"]
[PlyCount "43"]
[EventDate "2013.07.24"]
[EventType "swiss"]
[EventRounds "7"]
[EventCountry "ITA"]
[SourceTitle "EXT 2015"]
[Source "ChessBase"]
[SourceDate "2014.11.20"]
[SourceVersion "1"]
[SourceVersionDate "2014.11.20"]
[SourceQuality "1"]

1. d4 d5 2. e3 Nc6 3. f4 g5 4. Bb5 Bf5 5. Nf3 g4 6. Ne5 Qd6 7. 0-0 Nf6 8. b3 Ne4 9. Nd2 g3 10. Qh5 gxh2+ 11. Kxh2 Qf6 12. c4 Rg8 13. Nxe4 dxe4 14. d5 a6 15. dxc6 axb5 16. cxb7 Rb8 17. cxb5 Bg4 18. Nxg4 Qxa1 19. Qd5 Bg7 20. Qc6+ Kd8 21. Rd1+ Bd4 22. Ne5 1-0

[Event "Terre degli Elimi op 4th"]
[Site "Erice"]
[Date "2013.07.27"]
[Round "5"]
[White "Ganci, Fabrizio"]
[Black "Bifulco, Michel"]
[Result "1/2-1/2"]
[WhiteElo "2073"]
[BlackElo "2026"]
[PlyCount "45"]
[EventDate "2013.07.24"]
[EventType "swiss"]
[EventRounds "7"]
[EventCountry "ITA"]
[SourceTitle "EXT 2015"]
[Source "ChessBase"]
[SourceDate "2014.11.20"]
[SourceVersion "1"]
[SourceVersionDate "2014.11.20"]
[SourceQuality "1"]

1. d4 d5 2. Nf3 Nc6 3. Bf4 Bg4 4. Nbd2 e6 5. e3 Bd6 6. Bg3 Nge7 7. Be2 h5 8. Bxd6 Qxd6 9. c4 Bxf3 10. Bxf3 e5 11. cxd5 Nxd5 12. Qb3 0-0-0 13. Ne4 Qb4+ 14. Nc3 exd4 15. Bxd5 dxc3 16. bxc3 Qxb3 17. Bxb3 Ne5 18. Ke2 Rd7 19. Rad1 Rhd8 20. Rxd7 Rxd7 21. Rd1 Rxd1 22. Kxd1 Kd7 23. f4 1/2-1/2

[Event "Terre degli Elimi op 4th"]
[Site "Erice"]
[Date "2013.07.25"]
[Round "3"]
[White "Ganci, Fabrizio"]
[Black "Gutierrez Bolado, Juan Antonio"]
[Result "1/2-1/2"]
[WhiteElo "2073"]
[BlackElo "1711"]
[PlyCount "64"]
[EventDate "2013.07.24"]
[EventType "swiss"]
[EventRounds "7"]
[EventCountry "ITA"]
[SourceTitle "EXT 2015"]
[Source "ChessBase"]
[SourceDate "2014.11.20"]
[SourceVersion "1"]
[SourceVersionDate "2014.11.20"]
[SourceQuality "1"]

1. d4 Nf6 2. Nf3 c5 3. c3 d5 4. a3 c4 5. Nbd2 Nc6 6. e4 e6 7. e5 Nd7 8. g3 Be7 9. Bh3 b5 10. 0-0 a5 11. Ne1 Nb6 12. f4 b4 13. f5 exf5 14. Bxf5 bxc3 15. bxc3 Bxf5 16. Rxf5 g6 17. Rf2 0-0 18. Ndf3 f5 19. Bh6 Re8 20. Ng2 Bf8 21. Bg5 Be7 22. h4 Nd7 23. Qa4 Rc8 24. Qb5 Nf8 25. Nf4 Bxg5 26. Nxg5 Ne7 27. Raf1 Rb8 28. Qc5 Rb3 29. Qd6 Rb6 30. Qc5 Rb3 31. Qd6 Rb6 32. Qc5 Rb3 1/2-1/2

[Event "Terre degli Elimi op 3rd"]
[Site "Erice"]
[Date "2012.07.29"]
[Round "6"]
[White "Ganci, Fabrizio"]
[Black "Savalla, Pietro"]
[Result "1/2-1/2"]
[WhiteElo "2156"]
[BlackElo "1859"]
[PlyCount "82"]
[EventDate "2012.07.25"]
[EventType "swiss"]
[EventRounds "7"]
[EventCountry "ITA"]
[SourceTitle "EXT 2013"]
[Source "ChessBase"]
[SourceDate "2012.11.22"]
[SourceVersion "1"]
[SourceVersionDate "2012.11.22"]
[SourceQuality "1"]

1. d4 d5 2. Nf3 Nf6 3. c4 e6 4. Bg5 Be7 5. e3 Nbd7 6. cxd5 exd5 7. Nc3 c6 8. Bd3 0-0 9. 0-0 Re8 10. h3 Ne4 11. Bf4 Ndf6 12. Ne5 Bd6 13. Rc1 Qe7 14. a3 Nxc3 15. Rxc3 c5 16. Qf3 c4 17. Bb1 b5 18. g4 Bb7 19. g5 Bxe5 20. Bxe5 Ne4 21. Bxe4 dxe4 22. Qg3 Qe6 23. Kh2 a5 24. Bd6 Red8 25. Bc5 Rd5 26. Rg1 Rf5 27. Rc2 Rf3 28. Qg4 Qxg4 29. Rxg4 Bc8 30. Rg3 Rxg3 31. Kxg3 f6 32. gxf6 gxf6 33. h4 Kf7 34. Kf4 Bb7 35. Bb6 Bd5 36. Rc1 b4 37. Bc5 Rb8 38. axb4 axb4 39. h5 Rb7 40. Rg1 b3 41. Ba3 Rb8 1/2-1/2

[Event "Terre degli Elimi op 3rd"]
[Site "Erice"]
[Date "2012.07.26"]
[Round "2"]
[White "Wallace, Mitchel"]
[Black "Ganci, Fabrizio"]
[Result "0-1"]
[WhiteElo "1847"]
[BlackElo "2156"]
[PlyCount "70"]
[EventDate "2012.07.25"]
[EventType "swiss"]
[EventRounds "7"]
[EventCountry "ITA"]
[SourceTitle "EXT 2013"]
[Source "ChessBase"]
[SourceDate "2012.11.22"]
[SourceVersion "1"]
[SourceVersionDate "2012.11.22"]
[SourceQuality "1"]

1. Nc3 d5 2. e4 e6 3. Nf3 Nf6 4. exd5 exd5 5. d4 Bd6 6. Bg5 c6 7. Be2 Bf5 8. 0-0 0-0 9. Ne5 Re8 10. f4 h6 11. Bh4 Be7 12. Bf2 Nbd7 13. Bd3 Bxd3 14. Qxd3 Bb4 15. Qf5 Qc8 16. Bh4 Bxc3 17. bxc3 c5 18. Rad1 cxd4 19. cxd4 Nb6 20. Qd3 Ne4 21. Rf3 f6 22. Ng6 Qf5 23. Ne5 fxe5 24. fxe5 Qg4 25. Bg3 Rf8 26. Rdf1 Nc4 27. h3 Qe6 28. Be1 a5 29. Kh2 Ng5 30. Rf4 Rxf4 31. Rxf4 Rf8 32. Rg4 Qf5 33. Qg3 Rf7 34. Qh4 Ne3 35. Rg3 Nf1+ 0-1

[Event "Palermo op"]
[Site "Palermo"]
[Date "2004.11.02"]
[Round "8"]
[White "Ganci, Fabrizio"]
[Black "Amato, Andrea"]
[Result "0-1"]
[WhiteElo "2159"]
[BlackElo "2061"]
[PlyCount "48"]
[EventDate "2004.10.29"]
[EventType "swiss"]
[EventRounds "9"]
[EventCountry "ITA"]
[SourceTitle "EXT 2007"]
[Source "ChessBase"]
[SourceDate "2006.11.23"]
[SourceVersion "1"]
[SourceVersionDate "2006.11.23"]
[SourceQuality "1"]

1. d4 d5 2. c4 dxc4 3. Nf3 Nf6 4. e3 e6 5. Bxc4 c5 6. 0-0 a6 7. dxc5 Qxd1 8. Rxd1 Bxc5 9. a3 b5 10. Be2 0-0 11. b4 Be7 12. Bb2 Bb7 13. Nc3 Nbd7 14. Rac1 Rac8 15. Nd4 Nb6 16. Nb3 Rfd8 17. h3 Nfd5 18. Nxd5 Bxd5 19. Nd4 Nc4 20. Rc2 Bf6 21. Kf1 Be4 22. Bd3 Bxd3+ 23. Rxd3 Nxb2 24. Rxb2 e5 0-1

[Event "Palermo op"]
[Site "Palermo"]
[Date "2004.10.31"]
[Round "5"]
[White "La Bella, Roberto"]
[Black "Ganci, Fabrizio"]
[Result "1/2-1/2"]
[WhiteElo "2060"]
[BlackElo "2159"]
[PlyCount "117"]
[EventDate "2004.10.29"]
[EventType "swiss"]
[EventRounds "9"]
[EventCountry "ITA"]
[SourceTitle "EXT 2007"]
[Source "ChessBase"]
[SourceDate "2006.11.23"]
[SourceVersion "1"]
[SourceVersionDate "2006.11.23"]
[SourceQuality "1"]

1. e4 e6 2. d4 d5 3. e5 c5 4. c3 Qb6 5. Nf3 Nc6 6. a3 c4 7. Nbd2 Na5 8. Be2 Bd7 9. 0-0 Ne7 10. Rb1 Qc7 11. Re1 h6 12. Nf1 0-0-0 13. Ng3 g6 14. h3 Bc6 15. Be3 Qd7 16. Nd2 Kb8 17. Qc1 Ba4 18. Bd1 Rc8 19. Bxa4 Qxa4 20. Qd1 Qxd1 21. Rbxd1 Rc6 22. Rb1 Rb6 23. Kf1 Nc8 24. Ke2 Nb3 25. Ngf1 Be7 26. Nxb3 Rxb3 27. Nd2 Rb5 28. Kd1 Nb6 29. Kc2 h5 30. Nf3 Rc8 31. Ng5 Bxg5 32. Bxg5 Na4 33. Re3 Rc7 34. Rf3 Kc8 35. g4 hxg4 36. hxg4 Rd7 37. Rh3 Kc7 38. Rh8 Rb3 39. Re8 a6 40. Be7 Kb6 41. Bd6 Ka7 42. Bb8+ Kb6 43. Bd6 Ka7 44. Rc8 Kb6 45. Bb8 Kb5 46. Ba7 Ka5 47. Bc5 Kb5 48. Bb4 Kb6 49. Bd6 Ka5 50. Bc7+ Kb5 51. Bd8 a5 52. Ra8 b6 53. Rc8 Ka6 54. Bf6 Kb7 55. Rd8 Rxd8 56. Bxd8 Kc6 57. Be7 Kd7 58. Bd6 Kc6 59. g5 1/2-1/2

[Event "ITA-chT UISP 23rd"]
[Site "Rimini"]
[Date "2002.12.??"]
[Round "6"]
[White "Iotti, Pierluigi"]
[Black "Ganci, Fabrizio"]
[Result "1/2-1/2"]
[WhiteElo "2314"]
[BlackElo "2019"]
[PlyCount "65"]
[EventDate "2002.12.??"]
[EventType "team"]
[EventRounds "6"]
[EventCountry "ITA"]
[SourceTitle "EXT 2024"]
[Source "ChessBase"]
[SourceDate "2023.10.10"]
[SourceVersion "1"]
[SourceVersionDate "2023.10.10"]
[SourceQuality "1"]

1. d4 d5 2. Nf3 Nf6 3. c4 c6 4. Nc3 dxc4 5. a4 Bf5 6. e3 e6 7. Bxc4 Bb4 8. 0-0 0-0 9. Qe2 Nbd7 10. e4 Bg4 11. Rd1 Qa5 12. e5 Nd5 13. Ne4 c5 14. Bb5 Qc7 15. Bg5 b6 16. Rac1 h6 17. Bh4 a6 18. Bxa6 Bxf3 19. gxf3 Qa7 20. Bb5 cxd4 21. Bc6 Nxe5 22. Bxd5 exd5 23. Ng3 Rfe8 24. Nf5 Ng6 25. Qb5 Qxa4 26. Qxa4 Rxa4 27. Rxd4 Nxh4 28. Nxh4 Bd2 29. Rxd2 Rxh4 30. Rxd5 Rb4 31. Rd2 Re5 32. Rc7 Rf5 33. Kg2 1/2-1/2

[Event "ITA-chT UISP 23rd"]
[Site "Rimini"]
[Date "2002.12.??"]
[Round "2"]
[White "Passerotti, Pierluigi"]
[Black "Ganci, Fabrizio"]
[Result "1-0"]
[WhiteElo "2267"]
[BlackElo "2019"]
[PlyCount "71"]
[EventDate "2002.12.??"]
[EventType "team"]
[EventRounds "6"]
[EventCountry "ITA"]
[SourceTitle "EXT 2024"]
[Source "ChessBase"]
[SourceDate "2023.10.10"]
[SourceVersion "1"]
[SourceVersionDate "2023.10.10"]
[SourceQuality "1"]

1. d4 d5 2. c4 c6 3. Nf3 Nf6 4. Nc3 dxc4 5. a4 Bf5 6. e3 e6 7. Bxc4 Bb4 8. 0-0 0-0 9. Nh4 Nbd7 10. f3 Ne8 11. Nxf5 exf5 12. Qc2 Nd6 13. Bd3 Qf6 14. Na2 Ba5 15. b4 Bb6 16. Bb2 a5 17. Kh1 Qg5 18. e4 fxe4 19. fxe4 h6 20. e5 Nc8 21. d5 cxd5 22. Bb5 Rd8 23. Rf3 d4 24. bxa5 Bxa5 25. Bxd4 Nf8 26. Qf2 Ne6 27. Be3 Qxe5 28. Rf1 Nd6 29. Bd3 Bc7 30. Rg3 Kh8 31. Bb1 Rf8 32. Nc1 Bd8 33. Nd3 Qa5 34. Nc5 Bh4 35. Nxe6 Bxg3 36. hxg3 1-0